=LDR 00000nam 2200000 4500 =001 INLIS000000000030537 =005 20130612132656 =008 ***********************************ind** =035 ##$$a0010-061300000030537 =041 ##$$a ind =082 ##$$a 813 =090 ##$$a 813, DRI v =100 ##$$a Driscoll, Laura =245 ##$$a Vidia dan mahkota peri, Laura Driscoll =260 ##$$a 2007 $b Jakarta =300 ##$$a 110 hlm., ilus., 21 cm =650 ##$$a Fiksi Dewasa =850 ##$$a NBPNMAT =990 ##$$a 21400613/BPAP-NTB/20142014